| 000 | 01275nam a2200337 i 4500 | ||
|---|---|---|---|
| 001 | 13448 | ||
| 003 | KOSZ 005 | ||
| 005 | 20220608140215.0 | ||
| 008 | 071011s1965 pl a f f 001 0 pol | ||
| 015 | _aPB 1966/1714 | ||
| 040 |
_aWA N _cWA N _dKOSZ 005/RW |
||
| 041 | 1 |
_apol _hrus |
|
| 080 | _a621.3 | ||
| 100 | 1 |
_aCypkin, Âkov Zalmanovič _d(1919-1997) _eAutor |
|
| 245 | 1 | 0 |
_aTeoria układów impulsowych / _cJ. Z. Cypkin ; [tłumaczenie A. Pląskowski i S. Sorokowski]. |
| 246 | 1 |
_iTytuł oryginału: _aTeoriâ impul'snyh sistem. |
|
| 260 |
_aWarszawa : _bPaństwowe Wydawnictwo Naukowe, _c1965. |
||
| 300 |
_a626, [1] stron : _bilustracje ; _c25 cm. |
||
| 336 |
_aTekst _btxt _2rdacontent |
||
| 337 |
_aBez urządzenia pośredniczącego _bn _2rdamedia |
||
| 338 |
_aWolumin _bnc _2rdacarrier |
||
| 380 | _aKsiążki. | ||
| 504 | _aBibliografia na stronach [609]-622. Indeks. | ||
| 658 | _aInżynieria i technika | ||
| 650 | 4 | _aTechnika impulsów | |
| 710 | 2 |
_aPaństwowe Wydawnictwo Naukowe _4pbl. |
|
| 700 | 1 |
_aSorokowski, Świetozar _eTłumaczenie |
|
| 700 | 1 |
_aPląskowski, Andrzej _eTłumaczenie |
|
| 856 |
_uhttp://koha.tu.koszalin.pl/cgi-bin/koha/opac-detail.pl?biblionumber=13448 _yKatalog online BPK |
||
| 942 |
_2UKD _cKS |
||
| 999 |
_c13448 _d13448 |
||